[Event "G7-2"]
[Site "Svendborg"]
[Date "2019.04.19"]
[Round "4"]
[White "Rasmussen, Johnny Koust"]
[Black "Munksgaard, Bo"]
[Result "1/2-1/2"]
[WhiteElo "1821"]
[BlackElo "1771"]
[EventDate "2019.04.16"]
[EventRounds "7"]
[EventCountry "DEN"]
[WhiteFideId "1422383"]
[BlackFideId "1407473"]

1. e4 c5 2. Nc3 e6 3. g3 Nc6 4. Bg2 a6 5. d3 Qc7 6. f4 d6 7. Nf3 b5 8. O-O Nf6 9. Re1 Rb8 10. e5 Nd7 11. exd6 Bxd6 12. Nd5 Qd8 13. f5 Nf6 14. Nxf6+ Qxf6 15. fxe6 Bxe6 16. Ng5 Ne5 17. Nxe6 Qxe6 18. Bc6+ Kf8 19. Bf4 h5 20. c3 Qf6 21. Bd5 h4 22. Bxe5 Bxe5 23. Rf1 Qd6 24. Rxf7+ Ke8 25. Qf3 hxg3 26. Bc6+ Kd8 27. Rd7+ Qxd7 28. Bxd7 Kxd7 29. hxg3 Rh6 30. Re1 Bd6 31. Qg4+ Kc6 32. Re6 Rf8 33. Rxh6 gxh6 34. Qe4+ Kb6 35. Qg6 Kc6 36. g4 Rf4 37. Kg2 a5 38. b3 a4 39. c4 bxc4 40. bxc4 a3 41. Qe8+ Kc7 42. Qe2 Kd7 43. Kh3 Rd4 44. Qc2 Ke7 45. Qe2+ Kf6  1/2-1/2

[Event "G7-2"]
[Site "Svendborg"]
[Date "2019.04.19"]
[Round "4"]
[White "Olsen, Keld Johnny"]
[Black "Graabaek, Sebastian"]
[Result "1-0"]
[WhiteElo "1860"]
[BlackElo "1702"]
[EventDate "2019.04.16"]
[EventRounds "7"]
[EventCountry "DEN"]
[WhiteFideId "1439677"]
[BlackFideId "1436627"]

1. c4 e5 2. Nc3 Nc6 3. g3 f5 4. Bg2 Nf6 5. d3 Bb4 6. Bd2 d6 7. a3 Bxc3 8. Bxc3 O-O 9. e3 f4 10. Qe2 fxe3 11. fxe3 Qe8 12. h3 Qg6 13. g4 e4 14. O-O-O Be6 15. d4 Nxg4 16. hxg4 Bxg4 17. Qc2 Bxd1 18. Kxd1 Rae8 19. Be1 Qg5 20. Qe2 Rf7 21. Nh3 Qf5 22. Nf4 Ne7 23. Bh3 Qf6 24. Be6 Ref8 25. Qh2 g5 26. Qxh7#  1-0

[Event "G7-2"]
[Site "Svendborg"]
[Date "2019.04.19"]
[Round "4"]
[White "Jepsen, Ruben"]
[Black "Jacobsen, Knud"]
[Result "0-1"]
[WhiteElo "1650"]
[BlackElo "1721"]
[EventDate "2019.04.16"]
[EventRounds "7"]
[EventCountry "DEN"]
[WhiteFideId "1464361"]
[BlackFideId "1462253"]

1. d4 d5 2. Nf3 c6 3. e3 Nf6 4. Bd3 Bg4 5. c4 Qb6 6. Nc3 Nbd7 7. h3 Bh5 8. g4 Bg6 9. Bxg6 hxg6 10. cxd5 Nxd5 11. Rb1 Nxc3 12. bxc3 Qxb1  0-1

[Event "G7-2"]
[Site "Svendborg"]
[Date "2019.04.19"]
[Round "4"]
[White "Gottschalck, Christian"]
[Black "Rasmussen, Henning"]
[Result "1/2-1/2"]
[WhiteElo "1686"]
[BlackElo "1716"]
[EventDate "2019.04.16"]
[EventRounds "7"]
[EventCountry "DEN"]
[WhiteFideId "1428357"]
[BlackFideId "1410962"]

1. e4 e6 2. Nf3 d5 3. e5 c5 4. b4 cxb4 5. d4 Bd7 6. a3 bxa3 7. Bxa3 Bxa3 8. Rxa3 Ne7 9. c3 O-O 10. Bd3 h6 11. O-O Nbc6 12. Nbd2 a6 13. Qa1 Na7 14. Rb1 Nb5 15. Rab3 Rc8 16. c4 dxc4 17. Nxc4 Bc6 18. Ncd2 Bd5 19. R3b2 Nc3 20. Rc1 Qd7 21. Rbc2 Nb5 22. Rxc8 Rxc8 23. Rxc8+ Nxc8 24. Qb2 Bc6 25. Ne4 Qe7 26. Nfd2 Qd8 27. Nf3 Ne7 28. Bxb5 Bxb5 29. Nd6 Qd7 30. Nd2 Nc8 31. N6e4 Bc6 32. Nc5 Qd5 33. f3 Ne7 34. Ndb3 Nf5 35. Kf2 Qc4 36. Qd2 b6 37. Qd3 Qxd3 38. Nxd3 Bb7 39. g4 Ne7 40. Nb2 Kf8 41. Nd2 Ke8 42. Ndc4 Nc8 43. Ke3 Bd5 44. f4 g6 45. h4 Bxc4 46. Nxc4 b5 47. Na5 Kd7 48. Ke4 Nb6 49. Nb7 Ke7 50. Na5 Kd7  1/2-1/2

[Event "G7-2"]
[Site "Svendborg"]
[Date "2019.04.20"]
[Round "5"]
[White "Nykjaer, Jess"]
[Black "Gregor, Bjarke"]
[Result "0-1"]
[WhiteElo "1959"]
[BlackElo "1912"]
[EventDate "2019.04.16"]
[EventRounds "7"]
[EventCountry "DEN"]
[WhiteFideId "1427288"]
[BlackFideId "1423401"]

1. e4 c5 2. Nc3 Nc6 3. Bc4 e6 4. f4 a6 5. a4 Nge7 6. e5 d5 7. exd6 Qxd6 8. d3 Nf5 9. Nf3 Be7 10. O-O b6 11. Qe2 Bb7 12. Ne4 Qc7 13. c3 O-O 14. Nfg5 h6 15. Nf3 Na5 16. Ng3 Nxc4 17. Nxf5 exf5 18. dxc4 Bf6 19. Ne5 Rfe8 20. Qf2 Be4 21. Qg3 Rad8 22. Be3 Rd6 23. Rfd1 Bxe5 24. fxe5 Rg6 25. Qf4 Rxg2+ 26. Kf1 Qxe5 27. Qxe5 Rxe5 28. b4 Rb2 29. Rd2 Rxd2 30. Bxd2 Bd3+ 31. Kg1 Bxc4  0-1

[Event "G7-2"]
[Site "Svendborg"]
[Date "2019.04.20"]
[Round "5"]
[White "Holmstrom, Johan Ravnborg"]
[Black "Olsen, Keld Johnny"]
[Result "1-0"]
[WhiteElo "1913"]
[BlackElo "1860"]
[EventDate "2019.04.16"]
[EventRounds "7"]
[EventCountry "DEN"]
[WhiteFideId "1404903"]
[BlackFideId "1439677"]

1. Nf3 g6 2. g3 Bg7 3. Bg2 c6 4. d4 d5 5. O-O Nf6 6. Nbd2 O-O 7. b3 Bg4 8. Bb2 Qc8 9. Re1 Na6 10. c4 Re8 11. Rc1 Bh6 12. Ne5 Qf5 13. Nxg4 Nxg4 14. Bf3 Qg5 15. e3 Nf6 16. h4 Qf5 17. g4 Qd7 18. g5 Qh3 19. Bg2 Qxh4 20. gxf6 Qxf6 21. cxd5 Nb4 22. Ne4 Qh4 23. dxc6 bxc6 24. a3 Nd5 25. Rxc6 e6 26. Qf3 f5 27. Qg3 Qe7 28. Nd6 f4 29. Qh3 fxe3 30. Qxh6 exf2+ 31. Kxf2 Rf8+ 32. Kg1  1-0

[Event "G7-2"]
[Site "Svendborg"]
[Date "2019.04.20"]
[Round "5"]
[White "Hollesen, Kurt"]
[Black "Gottschalck, Christian"]
[Result "1-0"]
[WhiteElo "1913"]
[BlackElo "1686"]
[EventDate "2019.04.16"]
[EventRounds "7"]
[EventCountry "DEN"]
[WhiteFideId "1406817"]
[BlackFideId "1428357"]

1. e4 d5 2. exd5 Nf6 3. d4 Nxd5 4. c4 Nb4 5. a3 N4c6 6. Be3 e6 7. Nc3 Be7 8. Nf3 Bf6 9. Be2 O-O 10. O-O b6 11. Qd2 h6 12. Rad1 Bb7 13. Bf4 Nxd4 14. Nxd4 e5 15. Ndb5 Qe7 16. Nd5 Bxd5 17. Qxd5 c6 18. Qe4 Na6 19. Bxh6 cxb5 20. Bd3 g6 21. Bxf8 Qxf8 22. b4 bxc4 23. Bxc4 Nc7 24. Qxg6+  1-0

[Event "G7-2"]
[Site "Svendborg"]
[Date "2019.04.20"]
[Round "5"]
[White "Meldgaard, Frode"]
[Black "Jorgensen, Alexander Torp"]
[Result "0-1"]
[WhiteElo "1908"]
[BlackElo "1825"]
[EventDate "2019.04.16"]
[EventRounds "7"]
[EventCountry "DEN"]
[WhiteFideId "1430840"]
[BlackFideId "1434187"]

1. b3 d5 2. Bb2 c5 3. e3 Nc6 4. Bb5 Bf5 5. Bxc6+ bxc6 6. f4 d4 7. Qf3 Qd6 8. e4 Bd7 9. d3 h5 10. h3 e5 11. fxe5 Qxe5 12. Nd2 Be6 13. Ne2 Bd6 14. O-O-O Ne7 15. Qf2 Qg5 16. Kb1 Ng6 17. Nf3 Qd8 18. Ng3 Bf4 19. Rde1 Qc7 20. Nf5 O-O-O 21. Qf1 Bxf5 22. exf5 Ne7 23. g4 Nd5 24. Re4 Nf6 25. Re2 hxg4 26. hxg4 Nxg4 27. Rg1 Ne3 28. Qe1 Nxf5 29. Ne5 Be3 30. Rxe3 Nxe3 31. Nc4 Nxc4 32. dxc4 g6 33. Qe4 Rde8 34. Qg4+ Qd7 35. Qg5 Qf5 36. Qd2 Rh3 37. Qg2 Rf3 38. Bc1 Kb7  0-1

[Event "G7-2"]
[Site "Svendborg"]
[Date "2019.04.20"]
[Round "5"]
[White "Graabaek, Sebastian"]
[Black "Rasmussen, Johnny Koust"]
[Result "0-1"]
[WhiteElo "1702"]
[BlackElo "1821"]
[EventDate "2019.04.16"]
[EventRounds "7"]
[EventCountry "DEN"]
[WhiteFideId "1436627"]
[BlackFideId "1422383"]

1. d4 Nf6 2. Bf4 c5 3. d5 b5 4. Nc3 b4 5. Nb1 d6 6. c4 e6 7. f3 exd5 8. cxd5 Nh5 9. Bg3 Nxg3 10. hxg3 g6 11. e4 Bg7 12. Qc2 Qf6 13. Nd2 Qxb2 14. Rc1 Qxc2 15. Rxc2 O-O 16. Bd3 Ba6 17. Bxa6 Nxa6 18. Ne2 Nc7 19. Nc4 Rfd8 20. Nxd6 Rxd6 21. Rxc5 Ne8 22. Kd2 a5 23. Rhc1 Rdd8 24. Kd3 Nd6 25. Nd4 Bxd4 26. Kxd4 Kf8 27. g4 Rdb8 28. e5 Nb5+ 29. Kc4 Nc3 30. Kb3 Rc8 31. Rxc8+ Rxc8 32. a3 Ke7 33. axb4 axb4 34. f4 Kd8 35. d6 Nd5 36. Rxc8+ Kxc8 37. f5 Kd7 38. g3 f6 39. Kc4 Ne3+  0-1

[Event "G7-2"]
[Site "Svendborg"]
[Date "2019.04.20"]
[Round "5"]
[White "Rasmussen, Henning"]
[Black "Thomsen, Peter"]
[Result "0-1"]
[WhiteElo "1716"]
[BlackElo "1899"]
[EventDate "2019.04.16"]
[EventRounds "7"]
[EventCountry "DEN"]
[WhiteFideId "1410962"]
[BlackFideId "1424505"]

1. f4 e5 2. fxe5 d6 3. exd6 Bxd6 4. Nf3 g5 5. g3 g4 6. Nh4 Ne7 7. d4 Ng6 8. Nxg6 hxg6 9. Qd3 Nc6 10. c3 Bf5 11. e4 Qe7 12. Bg2 O-O-O 13. Nd2 Bc5 14. Nb3 Bb6 15. Qe2 Rhe8 16. O-O Rh8 17. Qf2 Bxe4 18. Bxe4 Qxe4 19. Qg2 Qxg2+ 20. Kxg2 f5 21. Bg5 Rde8 22. Rae1 Kd7 23. Rxe8 Rxe8 24. Rf2 a5 25. Kf1 a4 26. Nc1 Kd6 27. Re2 Re6 28. Nd3 Rxe2 29. Kxe2 Ke6 30. Nf4+ Kf7 31. h3 gxh3 32. Nxh3 Ba5 33. Kd3 b5 34. a3 Nb8 35. Nf4 c6 36. Ne2 Nd7 37. c4 Be1 38. cxb5 cxb5 39. Bd2 Bxd2 40. Kxd2 Nf6 41. Kd3 Ne4 42. Ke3 Nd6 43. Kd3 g5 44. Kc3 Ke6 45. Kd3 Kd5 46. Nc3+ Kc6 47. Ne2 Nc4 48. Kc3 Kd5 49. b3 axb3 50. Kxb3 Ke4 51. a4 Kd3 52. axb5 Nb6 53. Kb4 Kxe2 54. Kc5 f4 55. gxf4 gxf4 56. d5 f3 57. Kxb6 f2 58. d6 f1=Q 59. d7 Qf8 60. Kc6 Qd8 61. b6 Ke3 62. b7 Kd4 63. Kd6 Kc4 64. Kc6 Qb8 65. Kb6 Kd5 66. Ka6 Kd4 67. Kb5 Kc4+ 68. Kc6 Qd8  0-1

[Event "G7-2"]
[Site "Svendborg"]
[Date "2019.04.20"]
[Round "5"]
[White "Munksgaard, Bo"]
[Black "Jepsen, Ruben"]
[Result "1/2-1/2"]
[WhiteElo "1771"]
[BlackElo "1650"]
[EventDate "2019.04.16"]
[EventRounds "7"]
[EventCountry "DEN"]
[WhiteFideId "1407473"]
[BlackFideId "1464361"]

1. f4 d6 2. Nf3 Bg4 3. e3 e5 4. h3 Be6 5. fxe5 dxe5 6. e4 Bc5 7. c3 Nc6 8. Bb5 a6 9. Bxc6+ bxc6 10. d4 exd4 11. cxd4 Bb6 12. Nc3 h6 13. Be3 Ne7 14. Qa4 O-O 15. O-O f5  1/2-1/2

[Event "G7-2"]
[Site "Svendborg"]
[Date "2019.04.20"]
[Round "5"]
[White "Jacobsen, Knud"]
[Black "Winther, Bjarke Rosenborg"]
[Result "1/2-1/2"]
[WhiteElo "1721"]
[BlackElo "1757"]
[EventDate "2019.04.16"]
[EventRounds "7"]
[EventCountry "DEN"]
[WhiteFideId "1462253"]
[BlackFideId "1447173"]

1. e4 c5 2. Nf3 d6 3. d4 cxd4 4. Nxd4 Nf6 5. Nc3 a6 6. Be3 e5 7. Nb3 Be7 8. Be2 Nbd7 9. O-O O-O 10. a4 b6 11. h3 Bb7 12. Bf3 Nc5 13. Nxc5 dxc5 14. Qe2 Qc7 15. Rfd1  1/2-1/2

[Event "G7-2"]
[Site "Svendborg"]
[Date "2019.04.21"]
[Round "6"]
[White "Holmstrom, Johan Ravnborg"]
[Black "Nykjaer, Jess"]
[Result "0-1"]
[WhiteElo "1913"]
[BlackElo "1959"]
[EventDate "2019.04.16"]
[EventRounds "7"]
[EventCountry "DEN"]
[WhiteFideId "1404903"]
[BlackFideId "1427288"]

1. d4 d5 2. Nf3 Nf6 3. c4 c6 4. e3 e6 5. Nc3 Be7 6. Bd3 O-O 7. O-O dxc4 8. Bxc4 b5 9. Bd3 a6 10. Qc2 Qb6 11. Bd2 Nbd7 12. Rac1 c5 13. b3 h6 14. Ne4 Nxe4 15. Bxe4 Bb7 16. Bxb7 Qxb7 17. dxc5 Nxc5 18. Bc3 Ne4 19. Bb2 Rac8 20. Qe2 Bf6 21. Bxf6 Nxf6 22. Rfd1 Nd5 23. Qb2 b4 24. Nd4 Nc3 25. Re1 Rfd8 26. f3 Qb6 27. Qf2 Rc7 28. Ne2 Rd2 29. Kf1 Nxa2 30. Rxc7 Qxc7 31. Qh4 a5 32. g4 Nc3 33. f4 Qc6 34. Qg3 Rxe2 35. Rxe2 Qh1+ 36. Qg1 Qxg1+  0-1

[Event "G7-2"]
[Site "Svendborg"]
[Date "2019.04.21"]
[Round "6"]
[White "Gregor, Bjarke"]
[Black "Hollesen, Kurt"]
[Result "1-0"]
[WhiteElo "1912"]
[BlackElo "1913"]
[EventDate "2019.04.16"]
[EventRounds "7"]
[EventCountry "DEN"]
[WhiteFideId "1423401"]
[BlackFideId "1406817"]

1. e4 e6 2. d4 d5 3. Nc3 Nf6 4. e5 Nfd7 5. f4 c5 6. Nf3 Nc6 7. Be3 a6 8. Qd2 cxd4 9. Nxd4 Nxd4 10. Bxd4 Bc5 11. O-O-O b5 12. Kb1 Qb6 13. Bxc5 Qxc5 14. f5 Nb6 15. Qg5 g6 16. Ne4 Qe7 17. Nd6+ Kd8 18. Nxf7+ Ke8 19. Nd6+ Kd8 20. f6 Qd7 21. h4 Kc7 22. h5 gxh5 23. Rxh5 Bb7 24. f7 Raf8 25. Qg7 Nc8 26. Rxh7 Rxh7 27. Qxf8 Kc6 28. Qe8 Rxf7 29. Qxf7  1-0

[Event "G7-2"]
[Site "Svendborg"]
[Date "2019.04.21"]
[Round "6"]
[White "Thomsen, Peter"]
[Black "Jorgensen, Alexander Torp"]
[Result "0-1"]
[WhiteElo "1899"]
[BlackElo "1825"]
[EventDate "2019.04.16"]
[EventRounds "7"]
[EventCountry "DEN"]
[WhiteFideId "1424505"]
[BlackFideId "1434187"]

1. d4 Nf6 2. c4 g6 3. Nc3 d5 4. cxd5 Nxd5 5. e4 Nxc3 6. bxc3 Bg7 7. Nf3 O-O 8. Be2 b6 9. O-O Bb7 10. Qc2 Nd7 11. Re1 Rc8 12. Bb2 c5 13. Qd3 Nf6 14. Bf1 Bxe4 15. Rxe4 Nxe4 16. Qxe4 c4 17. a4 Re8 18. Ne5 Bxe5 19. Qxe5 Qd7 20. Bc1 a6 21. Bh6 f6 22. Qe4 e5 23. dxe5 Rxe5 24. Bxc4+ Kh8 25. Qf4 Qe7 26. Bxa6 Rxc3 27. Qd2 Rcc5 28. Be3 Rc6 29. Rd1 Kg8 30. Bb5 Rc8 31. Bxb6 Kf8 32. Ba5 Re4 33. g3 g5 34. Kg2 Qb7 35. f3 Re6 36. Bb4+ Kg7 37. Qd7+ Qxd7 38. Rxd7+ Kg6 39. Rd2 Rb8 40. g4 h5 41. gxh5+ Kxh5 42. Rd7 f5 43. Re7 Rxe7 44. Bxe7 Rc8 45. Kg3 Rc3 46. h3 f4+ 47. Kf2 Rc2+ 48. Ke1 Kh4 49. a5 Kxh3 50. Bxg5 Rc5 51. Bf1+ Kg3 52. Bd8 Kxf3 53. Be2+ Kg2 54. a6 f3 55. Bf1+ Kg3 56. a7 Re5+ 57. Kd2 Rd5+  0-1

[Event "G7-2"]
[Site "Svendborg"]
[Date "2019.04.21"]
[Round "6"]
[White "Winther, Bjarke Rosenborg"]
[Black "Munksgaard, Bo"]
[Result "0-1"]
[WhiteElo "1757"]
[BlackElo "1771"]
[EventDate "2019.04.16"]
[EventRounds "7"]
[EventCountry "DEN"]
[WhiteFideId "1447173"]
[BlackFideId "1407473"]

1. d4 d6 2. e4 Nf6 3. Nc3 c6 4. Bf4 Nbd7 5. Nf3 Qc7 6. Qd2 e5 7. dxe5 dxe5 8. Bg5 Be7 9. Bd3 h6 10. Bh4 Nf8 11. h3 g5 12. Bg3 Ng6 13. Ne2 Nh5 14. Bh2 Nhf4 15. Nxf4 gxf4 16. O-O-O Be6 17. Be2 a5 18. a3 b5 19. g3 Bxh3 20. gxf4 exf4 21. Qd4 Bg2 22. Rhg1 Bxf3 23. Bxf3 Bg5 24. Bh5 Rg8 25. f3 Rd8 26. Qc5 Rxd1+ 27. Rxd1 Ne5 28. Rd6 Be7  0-1

[Event "G7-2"]
[Site "Svendborg"]
[Date "2019.04.21"]
[Round "6"]
[White "Rasmussen, Johnny Koust"]
[Black "Olsen, Keld Johnny"]
[Result "0-1"]
[WhiteElo "1821"]
[BlackElo "1860"]
[EventDate "2019.04.16"]
[EventRounds "7"]
[EventCountry "DEN"]
[WhiteFideId "1422383"]
[BlackFideId "1439677"]

1. e4 d5 2. exd5 Qxd5 3. Nc3 Qa5 4. d4 Nf6 5. Nf3 Bg4 6. h3 Bh5 7. Bc4 e6 8. O-O c6 9. Bf4 Bb4 10. Bd2 Nbd7 11. a3 Bxc3 12. Bxc3 Qc7 13. Qd3 Nd5 14. Bxd5 cxd5 15. Rac1 Rc8 16. Rfe1 Bg6 17. Qe2 O-O 18. Nh4 Nf6 19. Nxg6 hxg6 20. f3 Qb6 21. Qd3 Rfe8 22. Kh1 Nh5 23. Rb1 Ng3+ 24. Kh2 Qc7 25. Kg1 Qb6 26. Kh2 Nf5 27. Red1 Rc6 28. Qe2 Rec8 29. Qe1 Rc4 30. Rd3 Qc7+ 31. Kg1 e5 32. Qxe5 Qxe5 33. dxe5 d4 34. Bb4 Rxc2 35. g4 Ng3 36. Be1 Ne2+ 37. Kf1 Nf4 38. Rxd4 Nxh3 39. Bd2 g5 40. Ke1 Re8 41. Re4 Rd8 42. Re2 Ng1 43. Kd1 Rc5 44. Rf2 Rxe5 45. Kc2 Ne2 46. Re1 Nd4+ 47. Kc3 Rc5+ 48. Kb4 b6 49. a4 Nc2+ 50. Kb3 Nxe1 51. Bxe1 Rd3+ 52. Ka2 a5 53. Bc3 f6 54. f4 gxf4 55. Rxf4 Rg3 56. Rd4 Rc6 57. Re4 Kh7 58. Bd2 Rg2 59. Rd4 Kg6 60. Ka3 Rg3+ 61. Ka2 Rc2 62. Bc3 Rgxc3  0-1

[Event "G7-2"]
[Site "Svendborg"]
[Date "2019.04.21"]
[Round "6"]
[White "Rasmussen, Henning"]
[Black "Meldgaard, Frode"]
[Result "1-0"]
[WhiteElo "1716"]
[BlackElo "1908"]
[EventDate "2019.04.16"]
[EventRounds "7"]
[EventCountry "DEN"]
[WhiteFideId "1410962"]
[BlackFideId "1430840"]

1. e4 d6 2. d4 Nd7 3. c4 e5 4. dxe5 Nxe5 5. Nc3 Nf6 6. f4 Bg4 7. Be2 Bxe2 8. Qxe2 Ng6 9. Nf3 Be7 10. O-O O-O 11. Nd4 Re8 12. Nf3 Bf8 13. f5 Ne5 14. Nxe5 dxe5 15. Be3 c6 16. Rfd1 Qc7 17. a3 a5 18. h3 Rad8 19. Rxd8 Rxd8 20. Rd1 Rxd1+ 21. Qxd1 Nd7 22. Qd2 Nc5 23. Bxc5 Bxc5+ 24. Kf1 Kf8 25. Ke2 Bd4 26. Nd1 f6 27. Kd3 c5 28. Kc2 Qc6 29. Nc3 Ke7 30. Nd5+ Kd7 31. Qxa5 g6 32. g4 Bf2 33. Nb6+ Ke7 34. Nd5+ Kd7 35. Qb5 Qxb5 36. cxb5 Bh4 37. Kc3 gxf5 38. gxf5 Bg5 39. Kc4 Bc1 40. Kc3 Bg5 41. b4 Kd6 42. Kc4 cxb4 43. Kxb4 Bd2+ 44. Kc4 Bg5 45. a4 h5 46. a5 Bd2 47. a6 bxa6 48. bxa6 Kc6 49. Nxf6 h4 50. Nd5 Bh6 51. f6 Bf8 52. Ne7+ Kb6 53. Ng6 Bh6 54. Nxe5 Kxa6 55. Kd5 Kb7 56. Ke6 Kc7 57. Ng6 Kd8 58. f7 Bg7  1-0

[Event "G7-2"]
[Site "Svendborg"]
[Date "2019.04.21"]
[Round "6"]
[White "Jepsen, Ruben"]
[Black "Graabaek, Sebastian"]
[Result "1-0"]
[WhiteElo "1650"]
[BlackElo "1702"]
[EventDate "2019.04.16"]
[EventRounds "7"]
[EventCountry "DEN"]
[WhiteFideId "1464361"]
[BlackFideId "1436627"]

1. d4 Nf6 2. Nf3 d5 3. e3 Bf5 4. c4 c6 5. Nc3 e6 6. Qb3 Qc7 7. Nh4 Bg4 8. cxd5 exd5 9. Bd2 Bd6 10. h3 Be6 11. Rc1 a6 12. Nf3 Nbd7 13. Ng5 O-O 14. Nxe6 fxe6 15. Bd3 Kh8 16. O-O e5 17. dxe5 Nxe5 18. Be2 Qe7 19. Rfe1 Bc5 20. Na4 Bd6 21. Nc3 b5 22. Nd1 Ne4 23. Bc3 Qh4 24. Rf1 Rac8 25. Be1 Nc5 26. Qc2 Qh6 27. Qd2 Ne4 28. Qc2 Rf6 29. f4 Nd7 30. Bg4 Rf7 31. Nc3 Bc5 32. Nd1 Re8 33. Kh2 Ndf6 34. Bf3 Bxe3 35. Nxe3 Qxf4+ 36. Kh1 Qxe3 37. Bxe4 Rxe4 38. Qxc6  1-0

[Event "G7-2"]
[Site "Svendborg"]
[Date "2019.04.21"]
[Round "6"]
[White "Gottschalck, Christian"]
[Black "Jacobsen, Knud"]
[Result "1-0"]
[WhiteElo "1686"]
[BlackElo "1721"]
[EventDate "2019.04.16"]
[EventRounds "7"]
[EventCountry "DEN"]
[WhiteFideId "1428357"]
[BlackFideId "1462253"]

1. e4 e6 2. d4 d5 3. Nc3 Nf6 4. Bg5 Be7 5. e5 Nfd7 6. Bxe7 Qxe7 7. Qg4 f6 8. f4 c5 9. dxc5 Nxc5 10. Nxd5 Qf7 11. Bb5+ Nc6 12. Bxc6+ bxc6 13. Nc3 Ba6 14. O-O-O Rb8 15. Rd6 Qb7 16. b3 Kf7 17. exf6 gxf6 18. Qh5+ Kg7 19. Qxc5  1-0

[Event "G7-2"]
[Site "Svendborg"]
[Date "2019.04.22"]
[Round "7"]
[White "Gregor, Bjarke"]
[Black "Holmstrom, Johan Ravnborg"]
[Result "1/2-1/2"]
[WhiteElo "1912"]
[BlackElo "1913"]
[EventDate "2019.04.16"]
[EventRounds "7"]
[EventCountry "DEN"]
[WhiteFideId "1423401"]
[BlackFideId "1404903"]

1. e4 c5 2. Nf3 e6 3. d4 cxd4 4. Nxd4 a6 5. Bd3 Qc7 6. Qe2 d6 7. O-O g6 8. f4 Bg7 9. Be3 Nc6 10. c3 Nge7 11. Nd2 O-O 12. Qf2 f5 13. exf5 exf5 14. Rae1 b5 15. N2f3 Nd5 16. Bd2 Nxd4 17. Nxd4 Bd7 18. Ne6 Bxe6 19. Rxe6 Rfe8 20. Rfe1 Kf7 21. Rxe8 Rxe8 22. Rxe8 Kxe8 23. Qf3 Qc5+ 24. Kh1 Qc6 25. Bc2 Ne7 26. Qd1 Bh6 27. Qe2 Qc4 28. Qxc4 bxc4 29. Be3 Nd5 30. Bc1 Bxf4 31. Bxf4 Nxf4 32. Kg1 Ke7 33. Kf2 Ke6 34. g3 Nd5 35. Kf3 g5 36. g4 fxg4+ 37. Ke4 h5 38. Bd1 Nf4 39. b4 d5+ 40. Kd4 Kd6 41. a4 Ne6+ 42. Ke3 Nc7 43. h3 gxh3 44. Bxh5 h2 45. Bf3 Ke5  1/2-1/2

[Event "G7-2"]
[Site "Svendborg"]
[Date "2019.04.22"]
[Round "7"]
[White "Hollesen, Kurt"]
[Black "Thomsen, Peter"]
[Result "1-0"]
[WhiteElo "1913"]
[BlackElo "1899"]
[EventDate "2019.04.16"]
[EventRounds "7"]
[EventCountry "DEN"]
[WhiteFideId "1406817"]
[BlackFideId "1424505"]

1. e4 e5 2. Nf3 Nc6 3. Bc4 Bc5 4. O-O Nf6 5. c3 Nxe4 6. d4 exd4 7. cxd4 Be7 8. d5 Nb8 9. Re1 Nd6 10. Bd3 O-O 11. Qc2 g6 12. Bh6 Re8 13. Nc3 Na6 14. Bxa6 bxa6 15. Ne4 f6 16. Bf4 Bb7 17. Rad1 Rb8 18. Nxd6 cxd6 19. Re3 Kf7 20. Qd2 Ba8 21. Rde1 Qc7 22. Qe2 Qd8 23. Qxa6 Bxd5 24. Bxd6 Rb6 25. Bxe7 Rxe7 26. Rxe7+ Qxe7  1-0

[Event "G7-2"]
[Site "Svendborg"]
[Date "2019.04.22"]
[Round "7"]
[White "Meldgaard, Frode"]
[Black "Jepsen, Ruben"]
[Result "1/2-1/2"]
[WhiteElo "1908"]
[BlackElo "1650"]
[EventDate "2019.04.16"]
[EventRounds "7"]
[EventCountry "DEN"]
[WhiteFideId "1430840"]
[BlackFideId "1464361"]

1. e4 e6 2. d4 d5 3. e5 c5 4. c3 Nc6 5. Bb5 Bd7 6. Bxc6 Bxc6 7. Ne2 f6 8. f4 fxe5 9. fxe5 Ne7 10. Nf4 Bd7 11. O-O Qb6 12. Kh1 O-O-O 13. a4 Nc6 14. a5 Nxa5 15. Be3 Nc4 16. Bg1 Nxb2 17. Qe2 Bb5 18. Qxb2 Bxf1 19. Qxb6 axb6  1/2-1/2

[Event "G7-2"]
[Site "Svendborg"]
[Date "2019.04.22"]
[Round "7"]
[White "Jorgensen, Alexander Torp"]
[Black "Nykjaer, Jess"]
[Result "0-1"]
[WhiteElo "1825"]
[BlackElo "1959"]
[EventDate "2019.04.16"]
[EventRounds "7"]
[EventCountry "DEN"]
[WhiteFideId "1434187"]
[BlackFideId "1427288"]

1. c4 Nf6 2. Nc3 e6 3. Nf3 d5 4. e3 Be7 5. b3 O-O 6. Bb2 c5 7. cxd5 Nxd5 8. Qc2 b6 9. Bd3 h6 10. Nxd5 exd5 11. h4 Nc6 12. a3 Bf6 13. Bb5 Qd6 14. d4 Bg4 15. dxc5 bxc5 16. Bxc6 Qxc6 17. Ng5 g6 18. f3 Bf5 19. Qf2 Bxb2 20. Qxb2 d4 21. e4 Qf6 22. exf5 hxg5 23. fxg6 Rae8+ 24. Kf2 fxg6 25. h5 g4 26. Rae1 gxf3 27. g4 Re2+ 28. Qxe2 fxe2+ 29. Kxe2 Qf3+ 30. Kd2 Qc3+ 31. Kd1 Qxb3+ 32. Kc1 Qc3+ 33. Kd1 Qd3+ 34. Kc1 Rb8 35. hxg6 Rb1#  0-1

[Event "G7-2"]
[Site "Svendborg"]
[Date "2019.04.22"]
[Round "7"]
[White "Graabaek, Sebastian"]
[Black "Winther, Bjarke Rosenborg"]
[Result "1-0"]
[WhiteElo "1702"]
[BlackElo "1757"]
[EventDate "2019.04.16"]
[EventRounds "7"]
[EventCountry "DEN"]
[WhiteFideId "1436627"]
[BlackFideId "1447173"]

1. d4 d5 2. Bf4 Nf6 3. e3 c5 4. c3 Nc6 5. Nd2 e6 6. Ngf3 Bd6 7. Bg3 b6 8. Bb5 Bb7 9. Ne5 Bxe5 10. dxe5 Nd7 11. f4 Qc7 12. Qg4 g6 13. Bh4 h5 14. Qg5 Qd8 15. Bxc6 Bxc6 16. Qxd8+ Rxd8 17. Bxd8 Kxd8 18. O-O Ke7 19. a4 a5 20. Nf3 Rg8 21. Rfd1 c4 22. Nd4 Bb7 23. b4 cxb3 24. Nxb3 Rc8 25. Rdc1 Rc4 26. Nd2 Rc8 27. c4 Nc5 28. Rcb1 Nd7 29. cxd5 Bxd5 30. Rc1 Nc5 31. Rab1 Rc6 32. e4 Nxe4 33. Rxc6 Bxc6 34. Nxe4 Bxe4 35. Rxb6 Bc2 36. Ra6 Bxa4 37. Rxa5 Bc6 38. Ra7+ Kf8 39. Kf2 Bb5 40. Rb7 Bc6 41. Rb6 Ba4 42. Kg3 Kg7 43. Kh4 Bd1 44. h3 Be2 45. Rd6 Bc4 46. g4 hxg4 47. hxg4 Bb3 48. Rd2 Bc4 49. Kg5 Bb3 50. Rf2 Bc4 51. Rc2 Bd3 52. Rc7 Be4 53. Kh4 Bd3 54. Kg3 Be2 55. g5 Bb5 56. Rc8 Bd7 57. Rd8 Bc6 58. Kf2 Bb5 59. Ke3 Bc6 60. Kd4  1-0

[Event "G7-2"]
[Site "Svendborg"]
[Date "2019.04.22"]
[Round "7"]
[White "Olsen, Keld Johnny"]
[Black "Gottschalck, Christian"]
[Result "1-0"]
[WhiteElo "1860"]
[BlackElo "1686"]
[EventDate "2019.04.16"]
[EventRounds "7"]
[EventCountry "DEN"]
[WhiteFideId "1439677"]
[BlackFideId "1428357"]

1. c4 e5 2. Nc3 Nf6 3. g3 Bb4 4. Bg2 Bxc3 5. bxc3 O-O 6. Qc2 c5 7. d4 exd4 8. cxd4 d5 9. dxc5 Qa5+ 10. Bd2 Qxc5 11. Rc1 d4 12. Qb3 Nc6 13. Qb5 Nd7 14. Qxc5 Nxc5 15. Bxc6 bxc6 16. Bb4 Nd7 17. Bxf8 Nxf8 18. Nf3 c5 19. Rb1 Ba6 20. Nd2 Nd7 21. O-O Re8 22. Rfe1 Nb6 23. a4 f5 24. a5 Nd7 25. e4 fxe4 26. Rxe4 Rxe4 27. Nxe4 d3 28. Nd6 Kf8 29. f4 Ke7 30. Nf5+ Kf6 31. Ne3 Ne5 32. fxe5+ Kxe5 33. Kf2 Kd4 34. Rc1 d2 35. Rd1 Kd3 36. Nf1 Kxc4 37. Nxd2+ Kc3 38. Ke3 Kc2 39. Rb1 c4 40. Rb8 c3 41. Ne4 Bd3 42. Nxc3 Kxc3 43. Rc8+ Bc4 44. Rc7 a6 45. Rxg7 Kb4 46. Rxh7 Kxa5 47. Kd4 Kb4 48. h4 a5 49. h5  1-0

[Event "G7-2"]
[Site "Svendborg"]
[Date "2019.04.22"]
[Round "7"]
[White "Munksgaard, Bo"]
[Black "Rasmussen, Henning"]
[Result "1/2-1/2"]
[WhiteElo "1771"]
[BlackElo "1716"]
[EventDate "2019.04.16"]
[EventRounds "7"]
[EventCountry "DEN"]
[WhiteFideId "1407473"]
[BlackFideId "1410962"]

1. e4 e6 2. d3 d5 3. Nd2 c5 4. Ngf3 Nc6 5. g3 Nf6 6. Bg2 Be7 7. O-O O-O 8. e5 Nd7 9. Re1 Qc7 10. Qe2 Rb8 11. h4 b5 12. Nf1 a5 13. Bf4 Ba6 14. h5 Rfc8 15. N1h2 Nd4 16. Qd1 Nxf3+ 17. Nxf3 d4 18. Qe2 Bb7 19. h6 g6 20. Rac1  1/2-1/2